Visualizzazione normale
Vista MARC
- Comunicación escrita
di Topical Term
Records bibliografici associati: 1
001 - CONTROL NUMBER
- control field: 45724
003 - CONTROL NUMBER IDENTIFIER
- control field: IT-RoINE
005 - DATE AND TIME OF LATEST TRANSACTION
- control field: 20200427115800.0
008 - FIXED-LENGTH DATA ELEMENTS
- fixed length control field: 180312|| aca||aabn | a|a d
040 ## - CATALOGING SOURCE
- Original cataloging agency: IT-RoINE
- Transcribing agency: IT-RoINE
150 ## - HEADING--TOPICAL TERM
- Topical term or geographic name as entry element: Comunicación escrita
- Geographic subdivision: España
- General subdivision: Historia
- Chronological subdivision: Siglos 16o.-17o.
670 ## - SOURCE DATA FOUND
- Source citation: Work cat.: (IT-RoINE)0: Bouza, Fernando, 1960- 12662, Comunicación, conocimiento y memoria en la España de los siglos XVI y XVII /, 1999 [i.e. 2000]